Funkčná a priestorová diferenciácia brownfieldov v Čechách a na Slovensku

Funkčné a priestorové využitie brownfieldov v Česku a na Slovensku. Definícia pojmu brownfield. Brownfieldy v súvislostiach. Počet brownfieldov podľa ich pôvodnej funkcie, štruktúra a rozloha brownfieldov v Česku a na Slovensku. Databáza brownfieldov a Národná stratégia regenerácie brownfieldov. Bro...

Ausführliche Beschreibung

Gespeichert in:
Bibliographische Detailangaben
1. Verfasser: Dvořáková-Líšková, Zuzana
Weitere Verfasser: Dvořák, Petr
Format: Buchkapitel
Sprache:Slowakisch
Schlagworte:
Tags: Tag hinzufügen
Keine Tags, Fügen Sie das erste Tag hinzu!

MARC

LEADER 00000nla a2200000 4500
001 0229395
005 20240722104303.6
041 0 |a slo 
044 |a SK 
245 1 0 |a Funkčná a priestorová diferenciácia brownfieldov v Čechách a na Slovensku  |c Zuzana Dvořáková-Líšková, Petr Dvořák 
520 |a Funkčné a priestorové využitie brownfieldov v Česku a na Slovensku. Definícia pojmu brownfield. Brownfieldy v súvislostiach. Počet brownfieldov podľa ich pôvodnej funkcie, štruktúra a rozloha brownfieldov v Česku a na Slovensku. Databáza brownfieldov a Národná stratégia regenerácie brownfieldov. Brownfieldy spôsobujú množstvo rôznorodých problémov a kladú tým otázky viacerým odborom (environmentálnym, ekonomickým, sociálno-kultúrnym). V riešení týchto otázok sú zainteresované inštitúcie, záujmové skupiny a miestni obyvatelia, ktorých sa problémy brownfieldov priamo dotýkajú. 
610 2 0 |a nehnuteľnosti 
610 2 0 |a analýzy 
610 2 0 |a priestor 
610 2 0 |a plánovanie územné 
610 2 0 |a rozvoj regionálny 
610 2 0 |a rozvoj územný 
610 2 0 |a prostredie životné 
610 2 0 |a správa verejná 
610 2 0 |a riziko 
610 2 0 |a brownfield 
610 2 0 |a Slovensko 
610 2 0 |a Česko 
100 1 |a Dvořáková-Líšková, Zuzana 
700 1 |a Dvořák, Petr